000 00785nam a2200193Ia 4500
003 GCL
008 140319s9999 xx 000 0 ara d
020 _a4386939960
040 _aGCL /
_cGCL
082 0 4 _a953.104
_bد ط
245 1 0 _aالطريق الى الرياض :
_bدراسة تاريخية و جغرافية لاحداث وتحركات الملك عبدالعزيز لاستردادالرياض
250 _aالاولى
260 _aالرياض :
_bمكتبة الملك فهد الوطنية ،
_c1319
300 _a271 ص ؛
_c25 سم
650 0 4 _aالسعودية - تاريخ - العصر الحديث - عبدالعزيز بن عبدالرحمن ال سعود
650 0 4 _aالرياض - تاريخ
650 0 4 _aالسعودية - اثار
942 _2ddc
_cBK
999 _c7083
_d7083